Wonder wimbin

שמור ב:
מידע ביבליוגרפי
מחבר ראשי: Jackson, Cath
פורמט: ספר
שפה:אנגלית
תגים: הוספת תג
אין תגיות, היה/י הראשונ/ה לתייג את הרשומה!

MARC

LEADER 00000nam a2200000 4500
001 CDOM0000002792
003 mi
005 20251016232258.0
008 251016b |||||||| |||| 00| 0 eng d
040 |c mi 
100 |a Jackson, Cath 
245 1 |a Wonder wimbin  
942 |2 ddc  |c BK 
952 |0 0  |1 0  |2 ddc  |4 0  |7 0  |9 6230  |a MI  |b MI  |d 2006-10-16  |i 5256  |l 0  |p CDOM5256  |r 2025-07-13 16:28:00  |w 2025-07-13  |x ACQUISTO  |y BK 
999 |c 4992  |d 4992